| 000 | 00357nam a22001217a 4500 | ||
|---|---|---|---|
| 082 |
_a425 _bDEP/E |
||
| 100 | _aDEPT OF EDUCATION, GOVT OF KERALA | ||
| 245 |
_aSSLC TOP WINNER ENGLISH PART 1 _bSSLC EXAMINATION BASED SPECIAL AUDIO CD ROM |
||
| 260 |
_aTRIVANDRUM _bSIET KERALA |
||
| 300 | _bAUDIO CD-ROM | ||
| 650 |
_aENGLISH AUDIO CD - ROM _zKERALA |
||
| 942 | _cBK | ||
| 999 |
_c7932 _d7932 |
||